100 Biggest Cities in Canada - Statistics

General Stats
  • This quiz has been taken 2,640 times
  • The average score is 37 of 100
Answer Stats
Rank Population City % Correct
1 2,615,000 Toronto
99%
2 1,650,000 Montreal
97%
8 604,000 Vancouver
96%
3 1,097,000 Calgary
94%
4 883,000 Ottawa
94%
5 812,000 Edmonton
93%
7 664,000 Winnipeg
87%
11 517,000 Quebec City
86%
14 390,000 Halifax
83%
24 193,000 Regina
78%
21 222,000 Saskatoon
78%
67 80,000 Victoria
78%
15 366,000 London
76%
10 520,000 Hamilton
74%
48 106,000 St. John's
69%
6 713,000 Mississauga
66%
46 108,000 Thunder Bay
64%
23 211,000 Windsor
64%
22 219,000 Kitchener
56%
9 524,000 Brampton
54%
40 123,000 Kingston
53%
13 402,000 Laval
52%
65 83,000 Niagara Falls
52%
12 468,000 Surrey
52%
79 69,000 Moncton
51%
90 56,000 Fredericton
50%
43 117,000 Kelowna
49%
31 150,000 Oshawa
48%
57 91,000 Red Deer
48%
18 265,000 Gatineau
47%
25 190,000 Richmond
45%
30 155,000 Sherbrooke
44%
59 86,000 Kamloops
43%
37 131,000 Trois-Rivières
43%
34 136,000 Barrie
41%
42 122,000 Guelph
41%
20 223,000 Burnaby
39%
52 99,000 Waterloo
39%
35 133,000 Abbotsford
38%
17 288,00 Vaughan
38%
16 302,000 Markham
37%
86 60,000 Medicine Hat
37%
63 84,000 Nanaimo
36%
78 70,000 Saint John
36%
64 84,000 Lethbridge
34%
76 72,000 Prince George
34%
28 176,000 Burlington
32%
61 84,000 North Vancouver
32%
100 48,000 North Vancouver
32%
75 72,000 Sarnia
32%
27 183,000 Oakville
31%
36 131,000 St. Catharines
31%
70 79,000 Peterborough
30%
45 110,000 Ajax
29%
38 127,000 Cambridge
29%
73 75,000 Sault Ste. Marie
29%
26 186,000 Richmond Hill
28%
92 54,000 North Bay
27%
54 94,000 Brantford
26%
39 126,000 Coquitlam
26%
32 145,000 Saguenay
26%
50 104,000 Chatham-Kent
25%
33 139,000 Lévis
25%
99 49,000 Belleville
24%
19 231,000 Longueuil
23%
71 78,000 Chilliwack
22%
51 100,000 Delta
22%
62 84,000 Milton
22%
58 89,000 Pickering
22%
41 122,000 Whitby
22%
49 104,000 Langley
21%
29 160,000 Greater Sudbury
20%
77 72,000 Drummondville
19%
68 80,000 Newmarket
19%
89 56,000 Port Coquitlam
17%
44 110,000 Saanich
15%
96 51,000 Welland
15%
95 53,000 Aurora
13%
72 76,000 Maple Ridge
13%
47 106,000 Terrebonne
13%
69 79,000 Brossard
12%
53 97,000 Cape Breton
12%
91 55,000 Grand Prairie
12%
83 63,000 Granby
11%
80 68,000 Saint-Jérôme
10%
97 50,000 Shawinigan
10%
74 73,000 Kawartha Lakes
9%
66 82,000 Repentigny
9%
56 92,000 Saint-Jean-sur-Richelieu
9%
85 61,000 St. Albert
9%
87 59,000 Caledon
8%
82 66,000 Wood Buffalo
8%
88 59,000 Halton Hills
7%
81 66,000 New Westminister
7%
93 54,000 Blainville
6%
60 85,000 Clarington
6%
94 53,000 Saint-Hyacinthe
6%
98 50,000 Dollard-des-Ormeaux
4%
84 63,000 Norfolk County
4%
55 92,000 Strathcona County
4%
No matching quizzes found
Score Distribution
Percent of People with Each Score
Percentile by Number Answered
Your Score History
You have not taken this quiz